|
|
|
|
| LEADER |
01054cam a2200289 7i4500 |
| 001 |
0000068369 |
| 005 |
20220512090000.0 |
| 020 |
|
|
|a 9780071825108
|
| 020 |
|
|
|a 9780071848978 (electronic book)
|
| 090 |
0 |
0 |
|a QP34.5
|b .B37 2016
|
| 100 |
1 |
|
|a Barrett, Kim E
|
| 245 |
1 |
0 |
|a Ganong's review of medical physiology
|c Kim E. Barrett, Susan M. Barman, Scott Boitano, Heddwen L. Brooks.
|
| 250 |
|
|
|a Twenty-fifth edition.
|
| 264 |
|
|
|a New York:
|b McGraw Hill Education,
|c 2016.
|
| 300 |
|
|
|a 1 online resource ( xi, 750 pages):
|b color illustrations, text file, PDF.
|
| 336 |
|
|
|a text
|2 rdacontent
|
| 337 |
|
|
|a computer
|2 rdamedia
|
| 338 |
|
|
|a online resource
|2 rdacarrier
|
| 650 |
0 |
0 |
|a Physiology --
|x Textbooks
|
| 650 |
0 |
0 |
|a Physiology --
|x Problems, exercises, etc
|
| 655 |
0 |
0 |
|a Electronic books
|
| 700 |
1 |
|
|a Barman, Susan M.
|
| 700 |
0 |
|
|a Boitano, Scott
|
| 710 |
1 |
2 |
|a Brooks, Heddwen L.
|
| 856 |
4 |
2 |
|u http://library.unisel.edu.my/web/guest/mylibrary
|
| 997 |
|
|
|a Health Sciences, Faculty
|
| 999 |
|
|
|a EBO0012599
|b EBOOK
|c EBOOK
|e Electronic resources
|